Plant breeding (Record no. 24802)

MARC details
000 -LEADER
fixed length control field 00433nam a2200169Ia 4500
008 - FIXED-LENGTH DATA ELEMENTS--GENERAL INFORMATION
fixed length control field 230917s9999||||xx |||||||||||||| ||und||
020 ## - ISBN
Price RS1895
040 ## - CATALOGING SOURCE
-- 243688
Original cataloging agency VIVEKANANDA LIBRARY
041 ## - Language
-- English
082 ## - DDC NUMBER
Classification number 581.16 V962P
100 ## - MAIN ENTRY--PERSONAL NAME
Personal name Vries, Hugo De
245 #0 - TITLE STATEMENT
Title Plant breeding
260 ## - PUBLICATION, DISTRIBUTION, ETC. (IMPRINT)
Place of publication, distribution, etc New Delhi
Name of publisher, distributor, etc Agri-Biovet Press
Date of publication, distribution, etc 2017
300 ## - PHYSICAL DESCRIPTION
Pages 292 p.
500 ## - GENERAL NOTE
General note 2950 04/12/2017 IBS17/211 04/12/2017 Main Budget
942 ## - ADDED ENTRY ELEMENTS (KOHA)
Koha item type Books
Holdings
Withdrawn status Lost status Damaged status Not for loan Location (home branch) Sublocation or collection (holding branch) Date acquired Koha issues (times borrowed) Koha full call number Accession No. Koha date last seen Koha item type
        VIVEKANANDA LIBRARY VIVEKANANDA LIBRARY 12/02/2018 1 581.16 V962P 363891 07/03/2025 Books
© Designed and Maintained by Vivekananda Library, MDU Rohtak